[Event "FRA-chT 9697 fin"]
[Site "Clichy"]
[Date "1997.05.01"]
[Round "8"]
[White "Mainville, Eric"]
[Black "Scholz Solis, Guillermo"]
[Result "1/2-1/2"]
[WhiteElo "2205"]
[BlackElo "2345"]
[PlyCount "35"]
[EventDate "1997.??.??"]
[EventType "team"]
[EventRounds "4"]
[EventCountry "FRA"]
[SourceTitle "EXT 1999"]
[Source "ChessBase"]
[SourceDate "1998.11.16"]
[SourceVersion "1"]
[SourceVersionDate "1998.11.16"]
[SourceQuality "1"]

1. d4 Nf6 2. Nf3 e6 3. c4 b6 4. a3 Bb7 5. Nc3 d5 6. cxd5 exd5 7. Bg5 Be7 8. e3 0-0 9. Bd3 Nbd7 10. 0-0 Ne4 11. Bf4 Bd6 12. Rc1 Bxf4 13. exf4 a6 14. Re1 Re8 15. Qc2 Ndf6 16. b4 c5 17. bxc5 bxc5 18. dxc5 1/2-1/2

[Event "FRA-chTB 9697"]
[Site "France"]
[Date "1997.??.??"]
[Round "1"]
[White "Lohou, Stephane"]
[Black "Mainville, Eric"]
[Result "1-0"]
[WhiteElo "2210"]
[BlackElo "2205"]
[PlyCount "101"]
[EventDate "1997.??.??"]
[EventType "team"]
[EventRounds "7"]
[EventCountry "FRA"]
[SourceTitle "EXT 1999"]
[Source "ChessBase"]
[SourceDate "1998.11.16"]
[SourceVersion "1"]
[SourceVersionDate "1998.11.16"]
[SourceQuality "1"]

1. d4 Nf6 2. Nf3 g6 3. Bg5 Bg7 4. Nbd2 d5 5. e3 0-0 6. Bd3 c5 7. c3 b6 8. 0-0 Bb7 9. Qe2 Ne4 10. Bh4 Nxd2 11. Qxd2 Nc6 12. b4 c4 13. Bc2 Nb8 14. Rfe1 f5 15. Bg3 e6 16. Ne5 Nd7 17. f3 Nxe5 18. Bxe5 Bxe5 19. dxe5 Bc6 20. a4 a6 21. Qd4 Bb7 22. Rad1 Qc7 23. Ra1 Rad8 24. a5 b5 25. Kf2 Rf7 26. g3 Rdf8 27. Ke2 Rg7 28. Rg1 Qe7 29. Raf1 Kh8 30. Bd1 Kg8 31. Kd2 Rgf7 32. Rf2 Qc7 33. Rfg2 Qe7 34. f4 Rg7 35. h3 Kh8 36. g4 Kg8 37. gxf5 exf5 38. Rg5 Qe6 39. h4 Bc6 40. Kc1 Kf7 41. Qa7+ Kg8 42. Qd4 Be8 43. Bf3 Rd7 44. Rd1 Bf7 45. e4 fxe4 46. Bg4 Qe8 47. Bxd7 Qxd7 48. f5 Qc7 49. Kb1 h6 50. Rgg1 Kh7 51. e6 1-0

[Event "FRA-chTB 9697"]
[Site "France"]
[Date "1997.??.??"]
[Round "6"]
[White "Mainville, Eric"]
[Black "Veysseyre, Didier"]
[Result "1/2-1/2"]
[WhiteElo "2205"]
[BlackElo "2190"]
[PlyCount "98"]
[EventDate "1997.??.??"]
[EventType "team"]
[EventRounds "7"]
[EventCountry "FRA"]
[SourceTitle "EXT 1999"]
[Source "ChessBase"]
[SourceDate "1998.11.16"]
[SourceVersion "1"]
[SourceVersionDate "1998.11.16"]
[SourceQuality "1"]

1. d4 e6 2. Nf3 f5 3. g3 Nf6 4. Bg2 d5 5. 0-0 Bd6 6. c4 c6 7. b3 Qe7 8. Bb2 b6 9. Nbd2 Bb7 10. Ne5 Nbd7 11. Rc1 Rc8 12. e3 0-0 13. Qe2 Rfd8 14. Ndf3 Ne4 15. Nxd7 Rxd7 16. Rfd1 Rcd8 17. Ne1 Nf6 18. Nd3 Rc8 19. c5 Bb8 20. f3 Ba6 21. Qc2 Bxd3 22. Rxd3 b5 23. Re1 e5 24. dxe5 Bxe5 25. Bxe5 Qxe5 26. Qc3 Qxc3 27. Rxc3 b4 28. Rd3 Re7 29. Kf2 Nd7 30. Rc1 Rb8 31. e4 fxe4 32. fxe4 dxe4 33. Bxe4 Rxe4 34. Rxd7 Rf8+ 35. Kg1 Re2 36. Rxa7 Rff2 37. Ra8+ Kf7 38. Rf1 Rxf1+ 39. Kxf1 Rxh2 40. Ra6 Rc2 41. Rxc6 Rxa2 42. Rb6 Rc2 43. Rxb4 Rxc5 44. Kf2 Rc3 45. Rf4+ Ke6 46. b4 Rb3 47. Kg2 h5 48. Rc4 Kf6 49. Rc6+ Kg5 1/2-1/2

[Event "FRA-chT"]
[Site "France"]
[Date "1996.??.??"]
[Round "?"]
[White "Mainville, Eric"]
[Black "Goldgewicht, Lionel"]
[Result "1/2-1/2"]
[WhiteElo "2245"]
[BlackElo "2340"]
[PlyCount "30"]
[EventDate "1996.??.??"]
[EventType "team"]
[EventRounds "11"]
[EventCountry "FRA"]
[SourceTitle "CBM 055 Extra"]
[Source "ChessBase"]
[SourceDate "1997.01.01"]
[SourceVersion "1"]
[SourceVersionDate "1997.01.01"]
[SourceQuality "1"]

1. d4 e6 2. Nf3 f5 3. g3 Nf6 4. Bg2 Be7 5. 0-0 0-0 6. c4 d6 7. Nc3 Qe8 8. Re1 Ne4 9. Qc2 Qg6 10. b3 Nxc3 11. Qxc3 Bf6 12. Bb2 Nd7 13. Qc2 e5 14. e4 f4 15. c5 fxg3 1/2-1/2

[Event "Avoine op 08th"]
[Site "Avoine"]
[Date "1993.??.??"]
[Round "?"]
[White "Gourmelen, Michel"]
[Black "Mainville, Eric"]
[Result "0-1"]
[WhiteElo "1920"]
[BlackElo "1800"]
[PlyCount "70"]
[EventDate "1993.07.??"]
[EventType "swiss"]
[EventRounds "9"]
[EventCountry "FRA"]
[SourceTitle "EXT 1999"]
[Source "ChessBase"]
[SourceDate "1998.11.16"]
[SourceVersion "1"]
[SourceVersionDate "1998.11.16"]
[SourceQuality "1"]

1. e4 c5 2. c3 d5 3. exd5 Qxd5 4. d4 Nf6 5. Nf3 Bg4 6. Be2 e6 7. 0-0 Nc6 8. Na3 Be7 9. Nc2 cxd4 10. Ncxd4 0-0 11. Qa4 Nxd4 12. Nxd4 Bxe2 13. Nxe2 Rfd8 14. Be3 Qd7 15. Qb3 Qc7 16. Rfd1 Nd5 17. Bd4 Nf6 18. c4 e5 19. Bc3 Rac8 20. Ng3 Bc5 21. Qc2 a6 22. Qf5 Bd6 23. Rd2 Qxc4 24. Ba5 Bc7 25. Rc2 Qxc2 26. Qxc2 Bxa5 27. Qf5 Bb6 28. h4 Rc4 29. Rf1 Ng4 30. Ne4 h5 31. Ng5 Rf4 32. Qh7+ Kf8 33. Qh8+ Ke7 34. Qxg7 Rxf2 35. Rxf2 Rd1# 0-1